Online Catalogue and eLibrary

Godavari (Record no. 5853)

MARC details
000 -LEADER
fixed length control field 00382nam a2200157Ia 4500
005 - DATE AND TIME OF LATEST TRANSACTION
control field 20241129014409.0
008 - FIXED-LENGTH DATA ELEMENTS--GENERAL INFORMATION
fixed length control field 240331s9999 xx 000 0 und d
020 ## - INTERNATIONAL STANDARD BOOK NUMBER
ISBN 9780195796391
082 ## - DDC Classification
Item Number - Author Mark RIA
Class No. 891
100 ## - MAIN ENTRY--PERSONAL NAME
Personal name Riaz, Fahmida
245 #0 - TITLE STATEMENT
Title Godavari
Remainder of title A Novel
260 ## - PUBLICATION, DISTRIBUTION, ETC.
Place of publication, distribution, etc. Karachi
Name of publisher, distributor, etc. Oxford University Press
Date of publication, distribution, etc. 2008
300 ## - PHYSICAL DESCRIPTION
Extent (e.g. Volumes, Pages etc.) XXIV, 110 p .,
500 ## - GENERAL NOTE
General note A Novel
942 ## - Koha item type (Biblio)
Koha item type Books in Stacks (Lending)
Holdings
Lost status Damaged status Collection code Home library Current library Shelving location Date acquired Full call number Accession Number Item type
    Lending WERC Library WERC Library Social Science Cupboard 03/31/2024 891.48 RIA 6847 Books in Stacks (Lending)

© WERC Library